| 000 | 00360nam a2200157Ia 4500 | ||
|---|---|---|---|
| 008 | 160316s1996 xxu||||| |||| 00| 0 eng d | ||
| 082 |
_a362.704400 _bSIN |
||
| 100 | _aSinha Indrani | ||
| 245 | _aChild prostitution | ||
| 250 | _a | ||
| 260 |
_aCalcutta _bJonaki _c1996 |
||
| 300 |
_a32 _b _c |
||
| 365 | _b | ||
| 650 | _a1. child prostitution | ||
| 700 |
_a _a |
||
| 999 |
_c35400 _d35400 |
||